Clinical. Microbiological, And Immunological Features Of Subjects With Rapidly Progressive Periodontitis Among Egyptians / (رقم التسجيلة. 176773)

تفاصيل مارك
000 -LEADER
fixed length control field 01685namaa22003371i 4500
005 - أخر تعامل مع التسجيلة
control field 20260301123632.0
008 - FIXED-LENGTH DATA ELEMENTS--GENERAL INFORMATION
fixed length control field 251217s1994 ua a|||frm||| 000 0 eng d
040 ## - CATALOGING SOURCE
Original cataloguing agency EG-GICUC
Language of cataloging eng
Transcribing agency EG-GICUC
Modifying agency EG-GICUC
Description conventions rda
041 0# - LANGUAGE CODE
Language code of text/sound track or separate title eng
Language code of summary or abstract eng
-- ara
049 ## - Acquisition Source
Acquisition Source Deposit
097 ## - Degree
Degree Ph.D
099 ## - LOCAL FREE-TEXT CALL NUMBER (OCLC)
Local Call Number Cai01.09.08.Ph.D.1994.kh.C
100 0# - MAIN ENTRY--PERSONAL NAME
Authority record control number or standard number Khaled Atef Abd EL-Ghaffar,
Preparation preparation.
245 10 - TITLE STATEMENT
Title Clinical. Microbiological, And Immunological Features Of Subjects With Rapidly Progressive Periodontitis Among Egyptians /
Statement of responsibility, etc. By Khaled Atef Abd EL -Ghaffar; Supervisors Prof.Dr. Mohammed Hosni Mostafa, Dr. Christopher W. Cutler, Prof.Dr. Momtaz Mahmoud Wasfy, Dr. Mohammed Sherine Hassan.
246 15 - VARYING FORM OF TITLE
Title proper/short title الخصائص السريرية والجرثومية والمناعية في حالات الإلتهاب سريع التقدم لسمحاق السنخ عند المصريين
264 #0 - PRODUCTION, PUBLICATION, DISTRIBUTION, MANUFACTURE, AND COPYRIGHT NOTICE
Date of production, publication, distribution, manufacture, or copyright notice 1994.
300 ## - PHYSICAL DESCRIPTION
Extent 192 Leaves :
Other physical details illustrations ;
Dimensions 30 cm. +
336 ## - CONTENT TYPE
Source rda content
Content type term text
337 ## - MEDIA TYPE
Source rdamedia
Media type term Unmediated
338 ## - CARRIER TYPE
Source rdacarrier
Carrier type term volume
502 ## - DISSERTATION NOTE
Dissertation note Thesis (Ph.D)-Cairo University, 1994.
504 ## - BIBLIOGRAPHY, ETC. NOTE
Bibliography, etc. note Bibliography: pages 170-192.
653 #0 - INDEX TERM--UNCONTROLLED
Uncontrolled term Periodontology
700 0# - ADDED ENTRY--PERSONAL NAME
Personal name Mohammed Hosni Mostafa
Relator term thesis advisor.
700 0# - ADDED ENTRY--PERSONAL NAME
Personal name Christopher W. Cutler
Relator term thesis advisor.
700 0# - ADDED ENTRY--PERSONAL NAME
Personal name Momtaz Mahmoud Wasfy
Relator term thesis advisor.
700 0# - ADDED ENTRY--PERSONAL NAME
Personal name Mohammed Sherine Hassan
Relator term thesis advisor.
900 ## - Thesis Information
Department Department of Periodontology
Faculties Faculty of Oral And Dental Medicine
Universities Cairo University
Grant date 1994
Supervisory body Mohammed Hosni Mostafa
-- Christopher W. Cutler
-- Momtaz Mahmoud Wasfy
-- Mohammed Sherine Hassan
905 ## - Cataloger and Reviser Names
Cataloger Name Eman El gebaly
Reviser Names Nourhan
942 ## - ADDED ENTRY ELEMENTS (KOHA)
Source of classification or shelving scheme Dewey Decimal Classification
Koha item type Thesis
Edition 21
Suppress in OPAC No
المقتنيات
Source of classification or shelving scheme Home library Current library Date acquired Inventory number Full call number Barcode Date last seen Effective from Koha item type
Dewey Decimal Classification المكتبة المركزبة الجديدة - جامعة القاهرة مكتبة المئوية 17.12.2025 25782 Cai01.09.08.Ph.D.1994.kh.C. 01010110025782000 17.12.2025 17.12.2025 Thesis
Cairo University Libraries Portal Implemented & Customized by: Eng. M. Mohamady Contacts: new-lib@cl.cu.edu.eg | cnul@cl.cu.edu.eg
CUCL logo CNUL logo
© All rights reserved — Cairo University Libraries
CUCL logo
Implemented & Customized by: Eng. M. Mohamady Contact: new-lib@cl.cu.edu.eg © All rights reserved — New Central Library
CNUL logo
Implemented & Customized by: Eng. M. Mohamady Contact: cnul@cl.cu.edu.eg © All rights reserved — Cairo National University Library